000 00326nam a2200133Ia 4500
005 20260326235450.0
008 260326s9999||||xx |||||||||||||| ||und||
100 _aRapoport, Amos
245 0 _aVivienda y Cultura /
_cAmos Rapoport
260 _bGustavo Gili
300 _a217 p.
650 _aARQUITECTURA-GENERAL
942 _cBK
999 _c7747
_d7747